000 00623nam a2200217Ia 4500
003 0100
005 20160211090054.0
008 130303s9999 xx 000 0 und d
040 _cARRUPELIB
050 _aREF PL8689.4.M856 1960
100 _aWorija, Sesuto Book Depos
_922257
245 _aEnglish--Sotho Sotho--English
245 _bpocket dictionary
260 _aBasutoland
260 _bMorija Sesuto Book Depot
_c1960
300 _a128p.
300 _b 15cm.
650 _aSotho language
_xDictionaries
_xEnglish
_922258
650 _aEnglish language
_xDictionaries
_xSotho
_922259
942 _2lcc
_cREFERENCE
999 _c60459
_d60459